00632nam a22002177a 450000500170000001000250001702000260004203500170006803500130008503700120009803700130011008200110012310000200013424500850015425000110023926000430025027000550029330000240034850000200037270000220039220180301112936.0 a1516EN07 B-663847 c495.00a9788120350984 aB-610707-730 aB-663847 bUBH/Ven bBookwell a657.45 aRavinder Kumar  aAuditing :cby Ravinder Kumar [and] Virender Sharma bprinciples and practice /  a3rd ed aDelhibPHI Learning c2015 , 2016(AV) a111, Patparganj Industrial Estate, bDelhie110092 axx,556p.c24cm(pbk) aIncludes index  aSharma, Virender